Vista normal
Vista MARC
Entrada Materia (personas)
Número de registros utilizados en: 1
001 - CONTROL NUMBER
- control field: 37328
003 - CONTROL NUMBER IDENTIFIER
- control field: Co-BoUCM
005 - DATE AND TIME OF LATEST TRANSACTION
- control field: 20130514103257.0
008 - FIXED-LENGTH DATA ELEMENTS
- fixed length control field: 130514|| aca||aabn | a|a d
040 ## - CATALOGING SOURCE
- Original cataloging agency: Co-BoUCM
- Transcribing agency: Co-BoUCM
100 ## - HEADING--PERSONAL NAME
- Personal name: Zumpt, Carl Gottlob
- Dates associated with a name: 1792-1849
670 ## - SOURCE DATA FOUND
- Source citation: Work cat.: (Co-BoUCM)0: Zumpt, Carl Gottlob 1792-1849, A grammar of the Latin language, 1847